Normal view
MARC view
Entry Geographic Name
001 - CONTROL NUMBER
- control field: 9228
003 - CONTROL NUMBER IDENTIFIER
- control field: OSt
005 - DATE AND TIME OF LATEST TRANSACTION
- control field: 20211028153936.0
008 - FIXED-LENGTH DATA ELEMENTS
- fixed length control field: 211028|| aca||aabn | a|a d
040 ## - CATALOGING SOURCE
- Original cataloging agency: OSt
- Transcribing agency: OSt
151 ## - HEADING--GEOGRAPHIC NAME
- Geographic name: India-Ladakh
670 ## - SOURCE DATA FOUND
- Source citation: Work cat.: (OSt): Helena Norberg-Hodge 9224, Ancient Futures: Learning From Ladakh, 1991